Simila, similibus curantur ó Un clavo saca otro clavo (Registro nro. 152336)

Detalles MARC
000 -LEADER
campo de control de longitud fija 00875nam a22001815i 4500
001 - NÚMERO DE CONTROL
campo de control 152336
003 - IDENTIFICADOR DE NÚMERO DE CONTROL
campo de control ES-MaACL
005 - FECHA Y HORA DE LA ÚLTIMA TRANSACCIÓN
campo de control 20230906204637.0
008 - DATOS DE LONGITUD FIJA--INFORMACIÓN GENERAL
campo de control de longitud fija 020215s1863 sp |||| | spa d
040 ## - FUENTE DE CATALOGACIÓN
Centro catalogador/agencia de origen CAM
Lengua de catalogación spa
Centro/agencia transcriptor CAM
100 1# - ENTRADA PRINCIPAL--NOMBRE DE PERSONA
Nombre de persona Boldún y Conde, Calisto.
9 (RLIN) 126048
245 10 - MENCIÓN DEL TÍTULO
Título Simila, similibus curantur ó Un clavo saca otro clavo
Resto del título : juguete cómico en un acto y en prosa /
Mención de responsabilidad, etc. arreglado del francés por Calisto Boldun y Conde.
260 ## - PUBLICACIÓN, DISTRIBUCIÓN, ETC.
Lugar de publicación, distribución, etc. Madrid :
Nombre del editor, distribuidor, etc. [s.n.],
Fecha de publicación, distribución, etc. 1863 (
Fabricante Imprenta de T. Fortanet)
300 ## - DESCRIPCIÓN FÍSICA
Extensión 34 p. ;
Dimensiones 20 cm.
500 #1 - NOTA GENERAL
Nota general En port.: Estrenado á beneficio de Julian Romea, en el teatro del Circo, en noviembre de 1859.
740 31 - ENTRADA AGREGADA--TÍTULO RELACIONADO/ANALÍTICO NO CONTROLADO
Título relacionado o analítico no controlado Un clavo saca otro clavo.
852 ## - LOCALIZACIÓN
Ubicación ES-MaACL
Número de control de estantería F-8567(7)
Nota libre -- Enc. pasta española, falto de la cub. original
-- -- Enc. en un vol. facticio, formando parte de la col. facticia "Teatro español moderno", vol. 20
Existencias
Estatus retirado Estado de pérdida Estado de daño No para préstamo Colección Biblioteca de origen Biblioteca actual Ubicación en estantería Fecha de adquisición Total de préstamos Signatura topográfica completa Código de barras Visto por última vez Precio de reemplazo Tipo de ítem Koha
        Libros del s. XIX Biblioteca del Ateneo de Madrid Biblioteca del Ateneo de Madrid Sala Pecera Planta 2 17/01/2008   F-8567(7) 1159052 23/02/2023 23/02/2023 Libro impreso antiguo